000
00350pam a2200157a 44500
008
230515b2002 xxu||||| |||| 00| 0 eng d
020
_a
NULL
041
_a
ENGLISH
082
_a
630
100
_a
KUMAR V P
245
_a
BASIC ENG DRAWING PART-||
250
_a
2
260
_a
DELHI
_b
KOTHARI BOOK DEPOT
_c
2002
300
_a
199
650
_a
NULL
999
_c
651165
_d
651165